Multiple-Choice-Stadtquiz Erlangen - Statistiken

Allgemein
  • Dieses Quiz wurde 53 mal gespielt
  • Das Durchschnittsergebnis liegt bei 7 aus 10
Antwortstatistiken
Frage Antwort % Korrekt
In welchem Bundesland liegt Erlangen? Bayern
98%
Welche beiden anderen Großstädte grenzen direkt an Erlangen an? Nürnberg und Fürth
98%
In welchem Ort nahe Erlangen befinden sich die Firmensitze von drei DAX-Unternehmen? Herzogenaurach
89%
Welcher dieser Fußballer wurde in Erlangen geboren? Lothar Matthäus
81%
An welchem Kanal liegt Erlangen? Main-Donau-Kanal
79%
Welches Unternehmen hat einen seiner größten Produktionsstandorte in Erlangen? Siemens
72%
Wie heißt eine bekannte Kirche in der Erlanger Innenstadt? Hugenottenkirche
57%
Wie viele Menschen studieren an der Friedrich-Alexander-Universität Erlangen-Nürnberg, der drittgrößten Universität Bayerns? 41.000
55%
In Erlangen findet man einen eher speziellen Botanischen Garten. Wie heißt er? Aromagarten
51%
Von welcher Band stammt der Neue Deutsche Welle-Song "Wissenswertes über Erlangen"? Foyer des Arts
30%
Keine übereinstimmenden Quizze gefunden
Verteilung der Resultate
Anzahl Personen mit jedem Resultat
Perzentil nach korrekt beantworteten Fragen
Ihre Resultats-Entwicklung
Sie haben dieses Quiz noch nicht gespielt